[Event "NCA-chT final"]
[Site "Managua"]
[Date "2021.10.30"]
[Round "7.3"]
[White "Godoy Barbosa, Jaime"]
[Black "Alvarez Gutierrez, Patricia"]
[Result "0-1"]
[WhiteElo "1466"]
[BlackElo "1645"]
[PlyCount "90"]
[EventDate "2021.10.16"]
[EventType "team-tourn"]
[EventRounds "11"]
[EventCountry "NCA"]
[SourceTitle "EXT 2023"]
[Source "ChessBase"]
[SourceDate "2022.10.05"]
[SourceVersion "1"]
[SourceVersionDate "2022.10.05"]
[SourceQuality "1"]
[WhiteTeam "Surnrise CC"]
[BlackTeam "Universidad de Ingenieria (W)"]
[WhiteTeamCountry "NCA"]
[BlackTeamCountry "NCA"]

1. Nf3 d5 2. c4 e6 3. e3 Nf6 4. cxd5 exd5 5. d4 c6 6. Nc3 Bg4 7. Be2 Bd6 8. 0-0 0-0 9. h3 Bh5 10. Ne1 Bg6 11. f4 Ne4 12. Nxe4 Bxe4 13. Bd3 Nd7 14. Bxe4 dxe4 15. g4 Qh4 16. Kh2 f5 17. Ng2 Qh6 18. Rh1 Qe6 19. Qb3 Qxb3 20. axb3 Nb6 21. Bd2 Nd5 22. Kg3 Nb4 23. Ne1 a6 24. Kf2 Nd5 25. g5 c5 26. Nc2 Rfe8 27. Rhe1 Rac8 28. Rac1 g6 29. dxc5 Bxc5 30. Na3 Nxf4 31. Rxc5 Nd3+ 32. Ke2 Rxc5 33. Rb1 b5 34. Ba5 f4 35. exf4 Nxf4+ 36. Ke3 Nxh3 37. Rh1 Nxg5 38. Bc3 Rf5 39. Nc2 Rf3+ 40. Ke2 e3 41. Be1 Rh3 42. Rxh3 Nxh3 43. Nxe3 Nf4+ 44. Kf3 Rxe3+ 45. Kxe3 Ng2+ 0-1

[Event "Managua Gomez Argenal Memorial"]
[Site "Managua"]
[Date "2021.05.29"]
[Round "1"]
[White "Davila, Carlos"]
[Black "Godoy Barbosa, Jaime"]
[Result "1-0"]
[WhiteElo "2202"]
[BlackElo "1513"]
[PlyCount "35"]
[EventDate "2021.05.29"]
[EventType "swiss"]
[EventRounds "9"]
[EventCountry "NCA"]
[SourceTitle "EXT 2022"]
[Source "ChessBase"]
[SourceDate "2021.10.06"]
[SourceVersion "1"]
[SourceVersionDate "2021.10.06"]
[SourceQuality "1"]

1. d4 f5 2. c4 Nf6 3. Nc3 e6 4. g3 Be7 5. Bg2 0-0 6. Nf3 c6 7. 0-0 d6 8. Re1 Nbd7 9. e4 fxe4 10. Nxe4 Nxe4 11. Rxe4 Nf6 12. Re1 h6 13. Qc2 d5 14. Ne5 dxc4 15. Bxh6 Qxd4 16. Rad1 Qc5 17. Qg6 Ne8 18. Be4 1-0

[Event "NCA-chT Final"]
[Site "Managua"]
[Date "2020.10.31"]
[Round "5.3"]
[White "Godoy Barbosa, Jaime"]
[Black "Narvaez Talavera, Joanie Ellen"]
[Result "1/2-1/2"]
[WhiteElo "1511"]
[BlackElo "1810"]
[PlyCount "109"]
[EventDate "2020.10.24"]
[EventType "team-tourn"]
[EventRounds "11"]
[EventCountry "NCA"]
[SourceTitle "EXT 2022"]
[Source "ChessBase"]
[SourceDate "2021.10.06"]
[SourceVersion "1"]
[SourceVersionDate "2021.10.06"]
[SourceQuality "1"]

1. Nf3 d5 2. c4 c6 3. d4 Nf6 4. Nc3 dxc4 5. a4 Bf5 6. e3 e6 7. Bxc4 Bb4 8. 0-0 Nbd7 9. Bd3 Bg6 10. Ne2 Be7 11. b4 0-0 12. Bxg6 hxg6 13. Rb1 a6 14. Nc3 Nd5 15. Nxd5 cxd5 16. Qd3 Nb6 17. a5 Nc4 18. Bd2 Qd7 19. Rfc1 Qb5 20. Be1 Rac8 21. Rb3 Rc7 22. Rcb1 Rfc8 23. g3 Bf6 24. Kg2 Nd6 25. Nd2 Nc4 26. Nf3 g5 27. h3 Nd6 28. Nd2 Rc2 29. Qxb5 axb5 30. Kf1 Nc4 31. Ke2 Be7 32. Kd3 Nxd2 33. Bxd2 g6 34. R1b2 R2c4 35. Rb1 Kg7 36. Ra1 Ra8 37. Rc1 Rh8 38. Rh1 g4 39. h4 g5 40. h5 f5 41. Bc3 Kh6 42. Bd2 Rhc8 43. Rb2 Bd6 44. Rbb1 Rc2 45. Rhc1 Rxc1 46. Bxc1 Kxh5 47. Bd2 Kg6 48. Ra1 Rc6 49. Ra2 e5 50. dxe5 Bxe5 51. Rc2 Rxc2 52. Kxc2 Kf7 53. Kd3 Ke6 54. Ke2 Bd6 55. f4 1/2-1/2

[Event "NCA-chT Final"]
[Site "Managua"]
[Date "2020.10.24"]
[Round "1.3"]
[White "Godoy Barbosa, Jaime"]
[Black "Berrios, Natanael"]
[Result "0-1"]
[WhiteElo "1511"]
[BlackElo "1857"]
[PlyCount "82"]
[EventDate "2020.10.24"]
[EventType "team-tourn"]
[EventRounds "11"]
[EventCountry "NCA"]
[SourceTitle "EXT 2022"]
[Source "ChessBase"]
[SourceDate "2021.10.06"]
[SourceVersion "1"]
[SourceVersionDate "2021.10.06"]
[SourceQuality "1"]

1. Nf3 c5 2. c4 g6 3. d4 cxd4 4. Nxd4 Bg7 5. Nc3 Nc6 6. Nxc6 bxc6 7. e3 Nf6 8. Be2 0-0 9. 0-0 d5 10. Qb3 e6 11. Rd1 Qc7 12. Rb1 a5 13. Na4 Rb8 14. Qc2 Qe7 15. b3 e5 16. cxd5 cxd5 17. Qc5 Qxc5 18. Nxc5 Bf5 19. Bd3 e4 20. Be2 Rfc8 21. Na4 Rc2 22. Rd2 Rbc8 23. Rxc2 Rxc2 24. Bd1 Rc6 25. Bb2 Nd7 26. g4 Bxb2 27. Nxb2 Be6 28. h3 Ne5 29. Kg2 Kf8 30. Be2 Rc2 31. Kf1 h5 32. Bd1 Rc6 33. gxh5 Bxh3+ 34. Ke1 gxh5 35. Bxh5 Rc2 36. Be2 Bg4 37. Bxg4 Nxg4 38. Nd1 Ne5 39. b4 axb4 40. a4 Nf3+ 41. Kf1 Nd2+ 0-1

[Event "Managua Hurtado Memorial 19th"]
[Site "Managua"]
[Date "2019.12.29"]
[Round "7"]
[White "Berrios, Natanael"]
[Black "Godoy Barbosa, Jaime"]
[Result "1-0"]
[WhiteElo "1836"]
[BlackElo "1483"]
[PlyCount "29"]
[EventDate "2019.12.26"]
[EventType "swiss"]
[EventRounds "9"]
[EventCountry "NCA"]
[SourceTitle "CBM 195 Extra"]
[Source "ChessBase"]
[SourceDate "2020.05.31"]
[SourceVersion "1"]
[SourceVersionDate "2020.05.31"]
[SourceQuality "1"]

1. e4 g6 2. d4 Bg7 3. f4 d6 4. Nf3 Nf6 5. Nc3 0-0 6. h3 c5 7. dxc5 dxc5 8. Be3 b6 9. e5 Nh5 10. Kf2 Bh6 11. Ne2 Ba6 12. g4 Bxe2 13. Qxe2 Nxf4 14. Bxf4 Bxf4 15. Qe4 1-0

[Event "Managua Ramirez de Arellano Memorial"]
[Site "Managua"]
[Date "2019.07.21"]
[Round "5"]
[White "Hernandez Ruiz, Fidel Francisco"]
[Black "Godoy Barbosa, Jaime"]
[Result "0-1"]
[WhiteElo "1197"]
[BlackElo "1523"]
[PlyCount "57"]
[EventDate "2019.07.13"]
[EventType "swiss"]
[EventRounds "9"]
[EventCountry "NCA"]
[SourceTitle "EXT 2020"]
[Source "ChessBase"]
[SourceDate "2019.10.17"]
[SourceVersion "1"]
[SourceVersionDate "2019.10.17"]
[SourceQuality "1"]

1. c4 g6 2. g3 Bg7 3. Bg2 d6 4. Nf3 Nf6 5. d4 0-0 6. 0-0 Nc6 7. Nc3 a6 8. Rb1 Bf5 9. Ra1 Rb8 10. Nh4 Bd7 11. Bxc6 Bxc6 12. d5 Bd7 13. Re1 e5 14. Bg5 h6 15. Bxf6 Bxf6 16. Ng2 Bg7 17. e4 f5 18. f3 fxe4 19. fxe4 Qf6 20. Rf1 Qg5 21. Rxf8+ Rxf8 22. Qc1 Qxc1+ 23. Rxc1 Bf6 24. Rf1 Bg5 25. Rxf8+ Kxf8 26. Nd1 Bg4 27. Kf2 Bxd1 28. Ne3 Bxe3+ 29. Kxe3 0-1

[Event "Managua Linicad rap op 2nd"]
[Site "Managua"]
[Date "2019.07.06"]
[Round "4"]
[White "Godoy Barbosa, Jaime"]
[Black "Flores, Manuel"]
[Result "0-1"]
[WhiteElo "1523"]
[BlackElo "1902"]
[PlyCount "60"]
[EventDate "2019.07.06"]
[EventType "swiss (rapid)"]
[EventRounds "7"]
[EventCountry "NCA"]
[SourceTitle "EXT 2020"]
[Source "ChessBase"]
[SourceDate "2019.10.17"]
[SourceVersion "1"]
[SourceVersionDate "2019.10.17"]
[SourceQuality "1"]

1. Nf3 d5 2. c4 Nf6 3. cxd5 Nxd5 4. d4 Bf5 5. Nc3 e6 6. Qb3 Nb6 7. e4 Bg4 8. Ne5 Bh5 9. Be3 Bd6 10. Nc4 0-0 11. Nxb6 axb6 12. Be2 Bg6 13. 0-0 Nc6 14. Rad1 Na5 15. Qa4 c6 16. Ra1 b5 17. Qd1 Nc4 18. Qb3 Nxe3 19. fxe3 Qc7 20. e5 Be7 21. Bf3 b4 22. Ne2 c5 23. Rac1 Qa5 24. a3 bxa3 25. bxa3 Qxa3 26. Qxa3 Rxa3 27. dxc5 Bd3 28. Rc3 Rxc3 29. Nxc3 Bxf1 30. Kxf1 Bxc5 0-1

[Event "Managua Linicad rap op 2nd"]
[Site "Managua"]
[Date "2019.07.06"]
[Round "1"]
[White "Puhiera, Roger"]
[Black "Godoy Barbosa, Jaime"]
[Result "1-0"]
[WhiteElo "1988"]
[BlackElo "1523"]
[PlyCount "35"]
[EventDate "2019.07.06"]
[EventType "swiss (rapid)"]
[EventRounds "7"]
[EventCountry "NCA"]
[SourceTitle "EXT 2020"]
[Source "ChessBase"]
[SourceDate "2019.10.17"]
[SourceVersion "1"]
[SourceVersionDate "2019.10.17"]
[SourceQuality "1"]

1. e4 g6 2. d4 Bg7 3. f4 d6 4. Nf3 Bg4 5. h4 Nf6 6. e5 dxe5 7. fxe5 Nh5 8. Bc4 0-0 9. 0-0 Nc6 10. Be3 e6 11. Nc3 a6 12. Ne4 Bxf3 13. Rxf3 Qxh4 14. Qd3 Nb4 15. Bg5 Qxg5 16. Qe2 Qh6 17. Qe1 Rae8 18. Qxb4 1-0

[Event "NCA-ch 2nd phase"]
[Site "Managua"]
[Date "2019.01.20"]
[Round "3"]
[White "Berrios, Natanael"]
[Black "Godoy Barbosa, Jaime"]
[Result "1-0"]
[WhiteElo "1792"]
[BlackElo "1562"]
[PlyCount "123"]
[EventDate "2019.01.19"]
[EventType "swiss"]
[EventRounds "9"]
[EventCountry "NCA"]
[SourceTitle "CBM 189 Extra"]
[Source "ChessBase"]
[SourceDate "2019.06.03"]
[SourceVersion "1"]
[SourceVersionDate "2019.06.03"]
[SourceQuality "1"]

1. d4 g6 2. Bf4 Bg7 3. e3 d6 4. Nf3 Nd7 5. Bg3 e5 6. Nbd2 exd4 7. exd4 Ngf6 8. h3 0-0 9. Be2 Re8 10. 0-0 Ne4 11. Nxe4 Rxe4 12. Bd3 Re8 13. c3 f5 14. Qb3+ Kh8 15. Rfe1 Bf6 16. Rxe8+ Qxe8 17. Re1 Qf8 18. Qc4 Bd8 19. h4 Nb6 20. Qb3 Bd7 21. Bf4 Kg7 22. g3 h6 23. Qc2 Nd5 24. Bd2 Nf6 25. Qc1 Ng8 26. Bc4 Bf6 27. Bxg8 Kxg8 28. Bxh6 Bg7 29. Bxg7 Kxg7 30. Qg5 Re8 31. h5 Rxe1+ 32. Nxe1 Qe8 33. Qxg6+ Qxg6 34. hxg6 Kxg6 35. f4 Be6 36. a3 Bd5 37. Nd3 Be4 38. Nf2 Bf3 39. Nh3 c5 40. Ng5 Bd5 41. Kf2 cxd4 42. cxd4 a5 43. Nh3 b5 44. Ng1 b4 45. Ne2 Kf6 46. Nc1 b3 47. Ne2 Ke6 48. Ke3 Bc4 49. Nc3 d5 50. Kf3 Kf6 51. g4 fxg4+ 52. Kxg4 Kg6 53. f5+ Kf6 54. Kf4 a4 55. Nxa4 Bd3 56. Nc3 Bxf5 57. Nxd5+ Ke6 58. Nb4 Bg6 59. Ke3 Kd6 60. Kd2 Be8 61. Kc3 Ba4 62. Kc4 1-0